000 00984cas a22002777ar4500
005 20220127140432.0
008 001017c2002 uk mr pernn 0 b1eng d
010 _a86093
011 _a87065
022 _a1537-5110
035 _a97606
245 0 4 _aBiosystems Engineering
260 0 _aKidlington, Oxford :
_bElsevier Science,
_c2002-
300 _av. ;
_bgráfs.
310 _aMensual
362 1 _av.81 n.1,2002
590 _aCONVERSION
_b10
_c20130109
_lUCH01
_h1348
780 1 4 _tJournal of Agricultural Engineering Research -2001.
866 _av. 104 n. 1 (September 2009) - v. 104 n. 4 (December 2009)
866 _av. 80 n. 1 (January 2002) - v. 80 n. 2 (February 2002)
866 _av. 81 n. 1 (March 2002) - v. 85 n. 4 (August 2003)
866 _av. 86 n. 1 (September 2003) - v. 86 n. 4 (December 2003)
866 _av. 93 n. 1 (January 2006) - v. 103 n. 4 (August 2009)
901 _aSE
905 _aAraceli Hernández Gómez
999 _c86093
_d86093